| 000 | 00548nam a22002057a 4500 | ||
|---|---|---|---|
| 005 | 20230929103656.0 | ||
| 008 | 190610b1997 xxu||||| |||| 00| 0 spa d | ||
| 041 | _aESP | ||
| 082 | _a303.44 C413a | ||
| 100 |
_aCerdas, Rodolfo _954217 |
||
| 245 | _aAmérica Latina: globalización y democracia | ||
| 260 | _aCosta Rica | ||
| 260 | _bFacultad Latinoamericana de Ciencias Sociales (FLACSO) | ||
| 260 | _c1997 | ||
| 300 | _a51 páginas | ||
| 650 | _aCOSTA RICA | ||
| 650 |
_aAMÉRICA LATINA _95078 |
||
| 650 | _aGLOBALIZACIÓN | ||
| 942 | _cBK | ||
| 999 |
_c12024 _d12024 |
||